000 00556nam a2200193Ia 4500
005 20250923150053.0
008 008 250917s9999 xx 000 0 eng d
037 _aTextual
040 _aDSWL
_beng
_cDSWL
041 _aeng
_2eng
084 _aL7:4:6910aY15, POO
_qDSWL
245 0 _aMental health from a gender perspective
_cEd. by B. V. Davar
260 _aNew Delhi
_b Sage Publications
_c2001
300 _a427p.
365 _aINR
_b595
925 _g595
942 _cTEXL
_hL7:4:6910aY15, POO
999 _c1459223
_d1459223